Statystyki dla Quiz wiedzy ogólnej #2

Kliknij tutaj aby rozwiązać quiz!

Ogólne statystyki

  • Ten quiz został rozwiązany 3 746 razy
  • Średni wynik to 9 z 20

Statystyki odpowiedzi

PytanieOdpowiedź% Poprawnych
Które państwo wygrało najwięcej mistrzostw świata w piłce nożnej mężczyzn?Brazylia
88%
Jaki kraj graniczy z San Marino?Włochy
81%
Jak nazywa się samiec gęsi?Gąsior
80%
Jaka dwucyfrowa liczba ma najwięcej liter w słownym zapisie?Dziewięćdziesiąt
dziewięć
75%
Jakie jest polskie tłumaczenie niemieckiego słowa "wurst"?Kiełbasa
73%
Jakie jest najświętsze miasto islamu?Mekka
70%
Jakie rosyjskie jezioro jest najgłębszym, jak i najstarszym jeziorem na świecie?Bajkał
67%
Który prezes firmy Apple zmarł w 2011 roku?Steve Jobs
57%
Kto jest bogiem wojny w mitologii rzymskiej?Mars
56%
Kto był najsłynniejszą osobą, która zmarła w 2009 roku?Michael Jackson
43%
Jak internetowi sprzedawcy nazywają poniedziałek po czarnym piątku?{Cyber}poniedziałek
33%
Co miał na swoich stopach Abebe Bikila podczas biegu maratońskiego
na igrzyskach olimpijskich w 1964 roku?
Nic
33%
Kto napisał Sonatę Księżycową?Ludwig van Beethoven
30%
Kto został ogłoszony najlepszym gitarzystą wszechczasów w czasopiśmie Rolling Stone?Jimi Hendrix
17%
Kto był premierem Wielkiej Brytanii przed Churchillem?Neville Chamberlain
(lub Clement Attlee)
17%
Jak jest często nazywany minerał piryt?Złotem głupców
11%
Kto był piątym prezydentem Stanów Zjednoczonych?James Monroe
8%
Jaki piosenkarz zmienił swoje imię i nazwisko na Yusuf Islam w 1977 roku?Cat Stevens
6%
Pośród wszystkich metropolii świata o ludności przekraczającej 1 milion,
która jest ostatnia w porządku alfabetycznym?
Zurych
5%
Co zjadła Little Miss Muffet według angielskiej rymowanki?Twaróg i serwatkę
3%

Rozkład punktacji

Percentyl według liczby udzielonych odpowiedzi

Procent ludzi z każdym wynikiem

Twoja historia wyników

Nie rozwiązałeś tego quizu